000 01092nam a22003137a 4500
003 CHAP
005 20220329135042.0
008 971013s1970 r 00010 d
010 _a30169
011 _a31141
035 _a35253
040 _cCHAP
090 _aFolleto 1368
100 0 0 _aNasca, Antonio José.
_980259
245 _aPrincipales problemas fitosanitarios de los cultivos más importantes de la región noroeste argentino
260 _aTucumán :
_bUniversidad Nacional de Tucumán. Facultad de Agronomía y Zootecnia,
_c1970
300 _a32 p.
_b; mapas
590 _aBATCH-UPD
_b10
_c20130110
_lUCH01
_h0002
590 _aBATCH-UPD
_b10
_c20130110
_lUCH01
_h1745
590 _aBATCH-UPD
_b10
_c20130409
_lUCH01
_h1937
590 _aBATCH-UPD
_b10
_c20130914
_lUCH01
_h1118
590 _aCONVERSION
_b10
_c20130109
_lUCH01
_h1317
650 1 4 _aCultivos
_xEnfermedades.
_930262
650 1 4 _aCultivos
_xPlagas.
_930305
901 _aBK
942 _cFOLL
949 _aFolleto 1368
_bBC
_cFOLL
_d-81411
_eTS1
_i35253
_si
949 _aFolleto 1368
_bBC
_cFOLL
_d-81412
_eTS2
_fc.2
_i35253
_si
999 _c30169
_d30169